000 00790pam a2200253 i 4500
001 865324
003 ARRUPE
005 20131127132159.0
008 791203s1980 nyu b 001 0 eng
010 _a 79025655
020 _a0816401209 :
_c$12.95
040 _aDLC
_cDLC
_dDLC
050 0 0 _aBT83.6
_b.N48
100 1 _aNeville, Robert C.
_94204
245 1 0 _aCreativity and God :
_ba challenge to process theology /
_cRobert C. Neville.
260 _aNew York :
_bSeabury Press,
_c1980.
300 _axi, 163 p. ;
_c24 cm.
500 _a"A Crossroad book."
504 _aIncludes bibliographical references and index.
650 0 _aProcess theology.
_94205
650 0 _aGod (Christianity)
_94206
906 _a7
_bcbc
_corignew
_d1
_eocip
_f19
_gy-gencatlg
942 _2lcc
_cMONOGRAPH
999 _c118778
_d118778